[Event "Olympiad-40"]
[Site "Istanbul"]
[Date "2012.09.01"]
[Round "5.2"]
[White "Simonet Pons, Marc"]
[Black "Tikkanen, Hans"]
[Result "0-1"]
[WhiteElo "2291"]
[BlackElo "2570"]
[PlyCount "56"]
[EventDate "2012.08.28"]
[EventType "team-swiss"]
[EventRounds "11"]
[EventCountry "TUR"]
[SourceTitle "CBM 151"]
[Source "ChessBase"]
[SourceDate "2012.11.13"]
[SourceVersion "1"]
[SourceVersionDate "2012.11.13"]
[SourceQuality "1"]
[WhiteTeam "Andorra"]
[BlackTeam "Sweden"]
[WhiteTeamCountry "AND"]
[BlackTeamCountry "SWE"]

1. d4 d5 2. c4 e6 3. Nf3 c6 4. e3 f5 5. Bd3 Nf6 6. 0-0 Bd6 7. b3 Qe7 8. Bb2 0-0 9. Qc1 b6 10. Ba3 Bb7 11. cxd5 exd5 12. Bxd6 Qxd6 13. Bxf5 Ba6 14. Re1 Ne4 15. Bxe4 dxe4 16. Ne5 c5 17. Qb2 Nc6 18. Nxc6 Qxc6 19. Nc3 Rae8 20. dxc5 Qxc5 21. Red1 Qh5 22. Nd5 Rd8 23. Nc3 Bd3 24. Rd2 Qh4 25. a4 Rd6 26. h3 Rg6 27. Kh2 Rf3 28. Rh1 Rxh3+ 0-1

[Event "Olympiad-39"]
[Site "Khanty-Mansiysk"]
[Date "2010.09.28"]
[Round "7.2"]
[White "Glud, Jakob Vang"]
[Black "Simonet Pons, Marc"]
[Result "1-0"]
[WhiteElo "2479"]
[BlackElo "2277"]
[PlyCount "55"]
[EventDate "2010.09.21"]
[EventType "team-swiss"]
[EventRounds "11"]
[EventCountry "RUS"]
[SourceTitle "CBM 139"]
[Source "ChessBase"]
[SourceDate "2010.11.18"]
[SourceVersion "1"]
[SourceVersionDate "2010.11.18"]
[SourceQuality "1"]
[WhiteTeam "Denmark"]
[BlackTeam "Andorra"]
[WhiteTeamCountry "DEN"]
[BlackTeamCountry "AND"]

1. d4 d5 2. Nf3 Nf6 3. c4 c6 4. Nc3 a6 5. cxd5 cxd5 6. Bf4 Nc6 7. Rc1 Ne4 8. Ne5 Nxc3 9. Rxc3 Bd7 10. Qb3 Nxe5 11. Bxe5 Bc6 12. e3 e6 13. Bd3 Bd6 14. Bxd6 Qxd6 15. 0-0 0-0 16. Rfc1 e5 17. Qb6 Qf6 18. dxe5 Qxe5 19. Rd1 Rfd8 20. Bxa6 Qe7 21. Bxb7 Bxb7 22. Rc7 Qe6 23. Rxb7 Qxb6 24. Rxb6 Rxa2 25. g3 g6 26. Rd4 Kf8 27. e4 Ra5 28. b4 1-0

[Event "Olympiad-39"]
[Site "Khanty-Mansiysk"]
[Date "2010.09.27"]
[Round "6.2"]
[White "Simonet Pons, Marc"]
[Black "Mendoza, Rodrigo"]
[Result "1-0"]
[WhiteElo "2277"]
[BlackElo "2124"]
[PlyCount "51"]
[EventDate "2010.09.21"]
[EventType "team-swiss"]
[EventRounds "11"]
[EventCountry "RUS"]
[SourceTitle "CBM 139"]
[Source "ChessBase"]
[SourceDate "2010.11.18"]
[SourceVersion "1"]
[SourceVersionDate "2010.11.18"]
[SourceQuality "1"]
[WhiteTeam "Andorra"]
[BlackTeam "Bolivia"]
[WhiteTeamCountry "AND"]
[BlackTeamCountry "BOL"]

1. d4 d5 2. c4 c6 3. Nf3 Nf6 4. e3 e6 5. Nbd2 Nbd7 6. Bd3 Be7 7. 0-0 0-0 8. b3 b6 9. Bb2 Bb7 10. Qe2 c5 11. Rfd1 Re8 12. Rac1 cxd4 13. exd4 Nh5 14. g3 g6 15. Ne5 a6 16. Ndf3 Nhf6 17. Nxf7 Kxf7 18. Ng5+ Kg8 19. Qxe6+ Kg7 20. Qf7+ Kh8 21. Ne6 Bf8 22. Nxd8 Raxd8 23. Re1 Bb4 24. Rxe8+ Rxe8 25. c5 bxc5 26. dxc5 1-0

[Event "Olympiad-39"]
[Site "Khanty-Mansiysk"]
[Date "2010.09.23"]
[Round "3.2"]
[White "Collutiis, Duilio"]
[Black "Simonet Pons, Marc"]
[Result "0-1"]
[WhiteElo "2447"]
[BlackElo "2277"]
[PlyCount "162"]
[EventDate "2010.09.21"]
[EventType "team-swiss"]
[EventRounds "11"]
[EventCountry "RUS"]
[SourceTitle "CBM 139"]
[Source "ChessBase"]
[SourceDate "2010.11.18"]
[SourceVersion "1"]
[SourceVersionDate "2010.11.18"]
[SourceQuality "1"]
[WhiteTeam "ISCA"]
[BlackTeam "Andorra"]
[BlackTeamCountry "AND"]

1. Nf3 Nf6 2. g3 d5 3. Bg2 c6 4. 0-0 Bg4 5. d3 Nbd7 6. Nbd2 e6 7. e4 Bd6 8. h3 Bh5 9. Qe1 Qc7 10. b3 0-0 11. Bb2 e5 12. Nh4 Rfe8 13. Nf5 Bf8 14. Ne3 dxe4 15. dxe4 Nc5 16. a4 Nfd7 17. f3 f6 18. a5 b5 19. axb6 axb6 20. Qe2 b5 21. Kh2 Bf7 22. Rfc1 Ne6 23. h4 Bc5 24. c3 Bxe3 25. Qxe3 Nec5 26. b4 Na4 27. Rab1 Ba2 28. c4 Bxb1 29. Rxb1 Nxb2 30. Rxb2 bxc4 31. Nxc4 Reb8 32. Qc3 Kh8 33. Ne3 Ra7 34. h5 Rab7 35. h6 g6 36. Rc2 Qb6 37. Ng4 Qxb4 38. Qxc6 Qf8 39. Qe6 Qe8 40. Rc6 Qxe6 41. Rxe6 Rb6 42. Re7 Rd6 43. Bf1 f5 44. Nxe5 Nxe5 45. Rxe5 fxe4 46. Rxe4 g5 47. Kh3 Rxh6+ 48. Kg4 Rf6 49. Re3 h6 50. Bd3 Rb4+ 51. Be4 Kg7 52. Ra3 Rd6 53. Kh5 Rb2 54. Kg4 Kf6 55. Ra5 Rh2 56. Rf5+ Ke6 57. Ra5 Rb6 58. Rc5 Rb4 59. Ra5 Rb6 60. Rc5 Rb8 61. Ra5 Kd6 62. Rd5+ Kc7 63. Rc5+ Kb6 64. Rc6+ Ka5 65. Bd3 Rb3 66. Ra6+ Kb4 67. Bg6 Kc5 68. Be4 Kd4 69. Re6 Rb5 70. Bg6 Re5 71. Rf6 Ke3 72. Bh5 Kf2 73. Ra6 Rg2 74. Ra2+ Re2 75. Rxe2+ Kxe2 76. Kf5 Kf2 77. Kg6 Kxg3 78. Kxh6 Kf4 79. Kg6 Rg3 80. Kf6 Rh3 81. Kg6 Rh4 0-1

[Event "Olympiad-39"]
[Site "Khanty-Mansiysk"]
[Date "2010.09.22"]
[Round "2.2"]
[White "Simonet Pons, Marc"]
[Black "Urbina, Ricardo"]
[Result "0-1"]
[WhiteElo "2277"]
[BlackElo "2226"]
[PlyCount "62"]
[EventDate "2010.09.21"]
[EventType "team-swiss"]
[EventRounds "11"]
[EventCountry "RUS"]
[SourceTitle "CBM 139"]
[Source "ChessBase"]
[SourceDate "2010.11.18"]
[SourceVersion "1"]
[SourceVersionDate "2010.11.18"]
[SourceQuality "1"]
[WhiteTeam "Andorra"]
[BlackTeam "Honduras"]
[WhiteTeamCountry "AND"]
[BlackTeamCountry "HON"]

1. c4 c6 2. Nf3 d5 3. g3 Nf6 4. Bg2 Bg4 5. Ne5 dxc4 6. Nxg4 Nxg4 7. Na3 e6 8. Nxc4 Qd4 9. Ne3 Nxe3 10. fxe3 Qd7 11. b3 h5 12. Bb2 h4 13. Qc2 hxg3 14. hxg3 Rxh1+ 15. Bxh1 Qc7 16. 0-0-0 Qxg3 17. e4 Qc7 18. d4 Na6 19. Kb1 0-0-0 20. Rf1 f6 21. Qc3 Kb8 22. Qh3 Qd7 23. Bf3 c5 24. e3 Nb4 25. Bg4 Qc6 26. Qg2 Qa6 27. Bc1 Qd3+ 28. Kb2 cxd4 29. Bxe6 Qc3+ 30. Kb1 dxe3 31. a3 Rd2 0-1

[Event "Andorra op 25th"]
[Site "Andorra"]
[Date "2007.07.06"]
[Round "7"]
[White "Clement Gomez, Jose Antonio"]
[Black "Simonet Pons, Marc"]
[Result "1/2-1/2"]
[WhiteElo "2357"]
[BlackElo "2260"]
[PlyCount "68"]
[EventDate "2007.06.30"]
[EventType "swiss"]
[EventRounds "9"]
[EventCountry "AND"]
[SourceTitle "CBM 119 Extra"]
[Source "ChessBase"]
[SourceDate "2007.09.04"]
[SourceVersion "1"]
[SourceVersionDate "2007.09.04"]
[SourceQuality "1"]

1. Nf3 c5 2. b3 Nf6 3. Bb2 e6 4. g3 b6 5. Bg2 Bb7 6. 0-0 Be7 7. c4 0-0 8. Nc3 d5 9. e3 dxc4 10. bxc4 Nc6 11. Qe2 Rc8 12. d3 Qc7 13. Ng5 h6 14. Nge4 Nxe4 15. Nxe4 f5 16. Nd2 Rcd8 17. Rfd1 Rd7 18. f4 Rfd8 19. Nf3 Bf6 20. Bxf6 gxf6 21. Rd2 Nb4 22. Rad1 Rd6 23. Ne1 Ba6 24. a3 Nc6 25. Kf2 Na5 26. Nf3 Qd7 27. Bf1 Bb7 28. Rc2 Be4 29. Rc3 Bc6 30. Ne1 Kh7 31. Rdc1 Qg7 32. Ng2 Be8 33. Nh4 Nc6 34. Bg2 Na5 1/2-1/2

[Event "Olympiad-37"]
[Site "Turin"]
[Date "2006.06.04"]
[Round "13"]
[White "Simonet Pons, Marc"]
[Black "Adu, Oladapo"]
[Result "0-1"]
[WhiteElo "2312"]
[BlackElo "2296"]
[PlyCount "122"]
[EventDate "2006.05.21"]
[EventType "team-swiss"]
[EventRounds "13"]
[EventCountry "ITA"]
[SourceTitle "CBM 113"]
[Source "ChessBase"]
[SourceDate "2006.07.31"]
[SourceVersion "1"]
[SourceVersionDate "2006.07.31"]
[SourceQuality "1"]
[WhiteTeam "Andorra"]
[BlackTeam "Nigeria"]
[WhiteTeamCountry "AND"]
[BlackTeamCountry "NGR"]

1. d4 d5 2. c4 c6 3. Nf3 Nf6 4. Nc3 a6 5. a4 e6 6. Bg5 a5 7. e3 Be7 8. Be2 Na6 9. 0-0 Nb4 10. Qb3 b6 11. Ne5 Bb7 12. cxd5 exd5 13. Rfd1 0-0 14. Rac1 Rc8 15. h3 Qd6 16. Nd3 Rfd8 17. Bf3 Ba6 18. Nxb4 axb4 19. Ne2 Ne4 20. Bxe7 Qxe7 21. Qc2 c5 22. Nf4 Bb7 23. dxc5 bxc5 24. Bxe4 dxe4 25. Rxd8+ Qxd8 26. Rd1 Qc7 27. Qc4 g6 28. b3 Qe7 29. Qb5 Bc6 30. Qa6 Bb7 31. Qa7 Qc7 32. Rc1 Kf8 33. Kf1 g5 34. Ne2 Bd5 35. Qxc7 Rxc7 36. Nd4 Ke8 37. Ke1 Kd7 38. Nb5 Rc8 39. Na7 Rc7 40. Nb5 Rc6 41. Rd1 Ke6 42. Rc1 Ke5 43. Na7 Ra6 44. Nb5 Bxb3 45. Rxc5+ Kf6 46. a5 Rxa5 47. Rc6+ Be6 48. Nd4 Ra1+ 49. Ke2 Rb1 50. Rb6 h5 51. f4 Rb2+ 52. Kf1 gxf4 53. exf4 Ke7 54. Rxb4 Rxb4 55. Nc6+ Kf6 56. Nxb4 Kf5 57. g3 e3 58. Kg2 Ke4 59. Nc2 Kd3 60. Ne1+ Ke2 61. Nc2 Kd2 0-1

[Event "Olympiad-37"]
[Site "Turin"]
[Date "2006.06.02"]
[Round "11"]
[White "Samakov, Nurdin"]
[Black "Simonet Pons, Marc"]
[Result "1-0"]
[WhiteElo "2271"]
[BlackElo "2312"]
[PlyCount "97"]
[EventDate "2006.05.21"]
[EventType "team-swiss"]
[EventRounds "13"]
[EventCountry "ITA"]
[SourceTitle "CBM 113"]
[Source "ChessBase"]
[SourceDate "2006.07.31"]
[SourceVersion "1"]
[SourceVersionDate "2006.07.31"]
[SourceQuality "1"]
[WhiteTeam "Kyrgyzstan"]
[BlackTeam "Andorra"]
[WhiteTeamCountry "KGZ"]
[BlackTeamCountry "AND"]

1. e4 c5 2. Nf3 Nc6 3. d4 cxd4 4. Nxd4 e5 5. Nb5 d6 6. N1c3 a6 7. Na3 Be7 8. Nc4 b5 9. Ne3 Nf6 10. Ned5 0-0 11. Be3 Rb8 12. Be2 Nxd5 13. Nxd5 Bg5 14. 0-0 Be6 15. c3 Bxe3 16. Nxe3 Ne7 17. Qd2 Qb6 18. Rfd1 Rfd8 19. Nd5 Bxd5 20. exd5 Rdc8 21. Qg5 Ng6 22. g3 b4 23. c4 a5 24. h4 Qd8 25. Qg4 Qf6 26. Qe4 Ne7 27. b3 Rc5 28. Bd3 Qh6 29. Qg4 Rf8 30. Qd7 Nc8 31. Kg2 Qf6 32. a3 Qe7 33. Qxe7 Nxe7 34. axb4 axb4 35. Ra6 Rd8 36. Rda1 f5 37. R1a4 e4 38. Be2 Kf7 39. Rxb4 Rd7 40. Rbb6 Nc8 41. Rc6 Rc7 42. b4 R5xc6 43. dxc6 Ra7 44. Rxa7+ Nxa7 45. b5 Nc8 46. f3 exf3+ 47. Bxf3 Ke7 48. Bd5 Kd8 49. Kf3 1-0

[Event "Olympiad-37"]
[Site "Turin"]
[Date "2006.05.30"]
[Round "9"]
[White "Simonet Pons, Marc"]
[Black "Fidaeyee, Habibullah"]
[Result "1-0"]
[WhiteElo "2312"]
[BlackElo "2113"]
[PlyCount "81"]
[EventDate "2006.05.21"]
[EventType "team-swiss"]
[EventRounds "13"]
[EventCountry "ITA"]
[SourceTitle "CBM 113"]
[Source "ChessBase"]
[SourceDate "2006.07.31"]
[SourceVersion "1"]
[SourceVersionDate "2006.07.31"]
[SourceQuality "1"]
[WhiteTeam "Andorra"]
[BlackTeam "Afghanistan"]
[WhiteTeamCountry "AND"]
[BlackTeamCountry "AFG"]

1. d4 Nf6 2. Nf3 e6 3. c4 b6 4. Nc3 Bb7 5. e3 d5 6. Bd3 Nbd7 7. 0-0 Be7 8. cxd5 Nxd5 9. e4 N5f6 10. Qc2 h6 11. Qe2 0-0 12. e5 Nh7 13. Be3 c5 14. Rad1 Qc8 15. Ne4 c4 16. Bb1 b5 17. Qc2 f5 18. exf6 Nhxf6 19. Nxf6+ Nxf6 20. Nd2 Bd6 21. Rfe1 Qe8 22. f3 Qh5 23. Nf1 Bd5 24. Ng3 Bxg3 25. hxg3 a5 26. Bf4 Ra6 27. Re5 Qf7 28. Kh2 b4 29. Rh1 a4 30. Kg1 b3 31. axb3 axb3 32. Qc1 Qa7 33. Qe3 Ra1 34. Kh2 Rf7 35. Bg6 Rxh1+ 36. Kxh1 Qa1+ 37. Kh2 Qxb2 38. Rxd5 Rf8 39. Qxe6+ Kh8 40. Qe7 Rg8 41. Bxh6 1-0

[Event "Olympiad-37"]
[Site "Turin"]
[Date "2006.05.28"]
[Round "7"]
[White "Alvir, Aco"]
[Black "Simonet Pons, Marc"]
[Result "1-0"]
[WhiteElo "2382"]
[BlackElo "2312"]
[PlyCount "43"]
[EventDate "2006.05.21"]
[EventType "team-swiss"]
[EventRounds "13"]
[EventCountry "ITA"]
[SourceTitle "CBM 113"]
[Source "ChessBase"]
[SourceDate "2006.07.31"]
[SourceVersion "1"]
[SourceVersionDate "2006.07.31"]
[SourceQuality "1"]
[WhiteTeam "Austria"]
[BlackTeam "Andorra"]
[WhiteTeamCountry "AUT"]
[BlackTeamCountry "AND"]

1. e4 c5 2. Nf3 Nf6 3. e5 Nd5 4. g3 d6 5. Bg2 Nc6 6. exd6 Qxd6 7. 0-0 Bg4 8. h3 Bh5 9. d3 e6 10. Nc3 Be7 11. Nxd5 exd5 12. c3 0-0 13. Qb3 b6 14. Re1 f6 15. Bf4 Qd8 16. Nd4 cxd4 17. Qxd5+ Bf7 18. Qxc6 Rc8 19. Qb7 Bd6 20. Bxd6 Qxd6 21. Re7 Rce8 22. Rd7 1-0

[Event "Olympiad-36"]
[Site "Mallorca"]
[Date "2004.10.28"]
[Round "13"]
[White "Sirias Martinez, Danilo"]
[Black "Simonet Pons, Marc"]
[Result "1-0"]
[WhiteElo "2285"]
[BlackElo "2300"]
[PlyCount "47"]
[EventDate "2004.10.15"]
[EventType "team-swiss"]
[EventRounds "14"]
[EventCountry "ESP"]
[SourceTitle "CBM 104"]
[Source "ChessBase"]
[SourceDate "2005.01.27"]
[SourceVersion "1"]
[SourceVersionDate "2005.01.27"]
[SourceQuality "1"]
[WhiteTeam "Nicaragua"]
[BlackTeam "Andorra"]
[WhiteTeamCountry "NCA"]
[BlackTeamCountry "AND"]

1. e4 c5 2. Nc3 e6 3. Nge2 Nc6 4. d4 cxd4 5. Nxd4 Nf6 6. Nxc6 bxc6 7. Bd3 d5 8. 0-0 Be7 9. Re1 0-0 10. e5 Nd7 11. Qh5 f5 12. g4 g6 13. Qh6 Nc5 14. gxf5 Nxd3 15. fxg6 hxg6 16. Qxg6+ Kh8 17. Qh6+ Kg8 18. cxd3 Rf7 19. Kh1 Rh7 20. Rg1+ Kh8 21. Qg6 Qf8 22. Ne2 c5 23. Nf4 Qf7 24. Qg4 1-0

[Event "ESP-chT"]
[Site "Ciudad Real"]
[Date "2004.08.27"]
[Round "5.3"]
[White "Mate Adan, Jose"]
[Black "Simonet Pons, Marc"]
[Result "0-1"]
[WhiteElo "2226"]
[BlackElo "2282"]
[PlyCount "80"]
[EventDate "2004.08.23"]
[EventType "team"]
[EventRounds "6"]
[EventCountry "ESP"]
[SourceTitle "CBM 102 Extra"]
[Source "ChessBase"]
[SourceDate "2004.11.03"]
[SourceVersion "1"]
[SourceVersionDate "2004.11.03"]
[SourceQuality "1"]

1. d4 d5 2. Nf3 Nf6 3. c4 c6 4. Nc3 a6 5. e3 b5 6. cxd5 cxd5 7. Bd3 e6 8. 0-0 Nc6 9. Ne5 Bb7 10. b3 Nxe5 11. dxe5 Nd7 12. f4 Bb4 13. Bb2 Qb6 14. Qe2 Rc8 15. Rac1 Qa5 16. Nd1 Nc5 17. Bb1 0-0 18. f5 Ne4 19. Rxc8 Rxc8 20. Bxe4 dxe4 21. Qg4 Bd5 22. Bd4 Qxa2 23. Nf2 Qxb3 24. Nxe4 Bxe4 25. Qxe4 exf5 26. Qb7 Qe6 27. Ra1 Rc6 28. Qb8+ Bf8 29. Bb2 b4 30. Rd1 Qc8 31. Qa7 Bc5 32. Qd7 Bxe3+ 33. Kf1 Qxd7 34. Rxd7 h6 35. Ke2 Rc2+ 36. Kxe3 Rxb2 37. Ra7 Rxg2 38. Rxa6 Rxh2 39. Ra8+ Kh7 40. Rb8 Rh4 0-1

[Event "Andbanc Quad 1st"]
[Site "Andorra"]
[Date "2004.05.29"]
[Round "1"]
[White "Magem Badals, Jordi"]
[Black "Simonet Pons, Marc"]
[Result "1-0"]
[WhiteElo "2504"]
[BlackElo "2297"]
[PlyCount "80"]
[EventDate "2004.05.29"]
[EventType "team"]
[EventRounds "3"]
[EventCountry "AND"]
[SourceTitle "CBM 100 Extra"]
[Source "ChessBase"]
[SourceDate "2004.07.06"]
[SourceVersion "2"]
[SourceVersionDate "2004.07.06"]
[SourceQuality "1"]

1. e4 c5 2. Nf3 Nc6 3. Bb5 Nf6 4. Nc3 Qc7 5. 0-0 Nd4 6. Re1 a6 7. Bf1 Ng4 8. g3 Nxf3+ 9. Qxf3 Ne5 10. Qg2 e6 11. d3 b6 12. f4 Nc6 13. Nd5 Qd8 14. b3 Bb7 15. Ne3 g5 16. Bb2 Nd4 17. f5 Bg7 18. c3 Nb5 19. Rac1 0-0 20. Qh3 d5 21. fxe6 dxe4 22. dxe4 fxe6 23. Qxe6+ Kh8 24. Nf5 Bc8 25. Qc4 Bxf5 26. exf5 Nd6 27. Qg4 Nxf5 28. Rcd1 Qf6 29. Bd3 Rad8 30. Bc1 Nh4 31. Rf1 Nf3+ 32. Kh1 Ne5 33. Qe4 Qg6 34. Rxf8+ Rxf8 35. Qxg6 hxg6 36. Bxg5 Rf2 37. Be4 Rxa2 38. h3 Rb2 39. Rd8+ Kh7 40. Bd5 Bh6 1-0

[Event "Andbanc Quad 1st"]
[Site "Andorra"]
[Date "2004.05.29"]
[Round "2"]
[White "Simonet Pons, Marc"]
[Black "Argandona Riveiro, Inigo"]
[Result "1-0"]
[WhiteElo "2297"]
[BlackElo "2346"]
[PlyCount "79"]
[EventDate "2004.05.29"]
[EventType "team"]
[EventRounds "3"]
[EventCountry "AND"]
[SourceTitle "CBM 100 Extra"]
[Source "ChessBase"]
[SourceDate "2004.07.06"]
[SourceVersion "2"]
[SourceVersionDate "2004.07.06"]
[SourceQuality "1"]

1. d4 d5 2. c4 dxc4 3. Nf3 Nf6 4. e3 a6 5. Bxc4 e6 6. 0-0 c5 7. Bb3 Nc6 8. Nc3 b5 9. Qe2 cxd4 10. Rd1 d3 11. Rxd3 Qc7 12. e4 Ng4 13. h3 Nge5 14. Nxe5 Qxe5 15. Be3 Be7 16. f4 Qb8 17. e5 0-0 18. Bf2 Na5 19. Bc2 f5 20. exf6 Rxf6 21. Bh4 Qa7+ 22. Kh1 Rf7 23. Bxe7 Qxe7 24. Rad1 Bb7 25. Rd7 Qe8 26. Rxf7 Qxf7 27. Ne4 Qxf4 28. Nc5 Bd5 29. Nxe6 Qc4 30. Bxh7+ Kxh7 31. Qh5+ Kg8 32. Rxd5 Qf1+ 33. Kh2 Qf7 34. Qg4 Re8 35. Nf4 Nc4 36. Rh5 Re4 37. g3 Nd2 38. Rd5 Nf1+ 39. Kg1 Qe7 40. Qc8+ 1-0

[Event "FRA-chT Poule Basse"]
[Site "Belfort"]
[Date "2004.05.10"]
[Round "10"]
[White "Netzer, Jean"]
[Black "Simonet Pons, Marc"]
[Result "1/2-1/2"]
[WhiteElo "2325"]
[BlackElo "2337"]
[PlyCount "57"]
[EventDate "2004.05.08"]
[EventType "team-tourn"]
[EventRounds "4"]
[EventCountry "FRA"]
[SourceTitle "EXT 2005"]
[Source "ChessBase"]
[SourceDate "2004.11.15"]
[SourceVersion "1"]
[SourceVersionDate "2004.11.15"]
[SourceQuality "1"]
[WhiteTeam "Bischwiller"]
[BlackTeam "Strasbourg"]
[WhiteTeamCountry "FRA"]
[BlackTeamCountry "FRA"]

1. e4 c5 2. Nf3 Nc6 3. d4 cxd4 4. Nxd4 g6 5. Nc3 Bg7 6. Be3 Nf6 7. Bc4 0-0 8. Bb3 d6 9. h3 Bd7 10. 0-0 Nxd4 11. Bxd4 b5 12. a3 a5 13. Qd3 Bc6 14. Rfe1 Qb8 15. Bd5 Bxd5 16. Nxd5 Nxd5 17. exd5 Bxd4 18. Qxd4 Ra7 19. Re4 Rc8 20. Qd2 Rc4 21. Rae1 Qc8 22. c3 Rxe4 23. Rxe4 Rc7 24. Qh6 Qf8 25. Qe3 a4 26. Qb6 Rc5 27. Qb7 Qc8 28. Qxc8+ Rxc8 29. Rxe7 1/2-1/2

[Event "FRA-chT Gp-B"]
[Site "France"]
[Date "2004.04.04"]
[Round "7"]
[White "Bouhallel, Rabah"]
[Black "Simonet Pons, Marc"]
[Result "1/2-1/2"]
[WhiteElo "2302"]
[BlackElo "2337"]
[PlyCount "67"]
[EventDate "2004.01.30"]
[EventType "team"]
[EventRounds "7"]
[EventCountry "FRA"]
[SourceTitle "EXT 2005"]
[Source "ChessBase"]
[SourceDate "2004.11.15"]
[SourceVersion "1"]
[SourceVersionDate "2004.11.15"]
[SourceQuality "1"]
[WhiteTeam "Lille"]
[BlackTeam "Strasbourg"]
[WhiteTeamCountry "FRA"]
[BlackTeamCountry "FRA"]

1. d4 d5 2. Nf3 Nf6 3. c4 c6 4. e3 Bg4 5. Nbd2 e6 6. Be2 Nbd7 7. 0-0 Bd6 8. b3 0-0 9. Bb2 h6 10. Qc2 Qe7 11. e4 dxe4 12. Nxe4 Nxe4 13. Qxe4 Bf5 14. Qe3 Ba3 15. Bc3 a5 16. Ne5 Rfd8 17. Bf3 Nxe5 18. Qxe5 Bd6 19. Qe3 Bb4 20. Bb2 Ba3 21. Bc3 a4 22. c5 b6 23. b4 bxc5 24. bxc5 Qb7 25. Rfd1 Bb4 26. Bxb4 Qxb4 27. Bxc6 Rac8 28. Bf3 Bc2 29. Rdc1 Bf5 30. g4 Bg6 31. Rd1 Bc2 32. Rdc1 Bg6 33. Rd1 Bc2 34. Rdc1 1/2-1/2

[Event "Catalunya-chT DH"]
[Site "Spain"]
[Date "2004.??.??"]
[Round "3"]
[White "Gutierrez Clares, Joaquim"]
[Black "Simonet Pons, Marc"]
[Result "1-0"]
[WhiteElo "2219"]
[BlackElo "2337"]
[PlyCount "101"]
[EventDate "2004.??.??"]
[EventType "team"]
[EventRounds "9"]
[EventCountry "ESP"]
[SourceTitle "EXT 2007"]
[Source "ChessBase"]
[SourceDate "2006.11.23"]
[SourceVersion "1"]
[SourceVersionDate "2006.11.23"]
[SourceQuality "1"]

1. d4 d5 2. c4 e6 3. Nf3 c5 4. cxd5 exd5 5. Nc3 Nc6 6. g3 Nf6 7. Bg2 Be7 8. 0-0 0-0 9. dxc5 Bxc5 10. Bg5 d4 11. Bxf6 Qxf6 12. Nd5 Qf5 13. Nd2 Be6 14. Nf4 Bd6 15. Bh3 Qxf4 16. gxf4 Bxh3 17. Re1 Bxf4 18. e3 Be5 19. Qh5 Be6 20. Nf3 g6 21. Qh4 Bg7 22. Ng5 h6 23. Nxe6 fxe6 24. Qe4 Rae8 25. Kh1 Rf5 26. Rg1 g5 27. f4 dxe3 28. fxg5 hxg5 29. Qxe3 Bf6 30. Raf1 Kf7 31. Qb3 Nd4 32. Qxb7+ Re7 33. Qe4 Kg6 34. Rd1 Nf3 35. Rg3 Ne5 36. Kg2 Kf7 37. Rb3 Ng6 38. Rf1 Nf4+ 39. Kh1 Kg6 40. Rb7 Rxb7 41. Qxb7 Rd5 42. Qxa7 Rd2 43. h4 Rd3 44. Rxf4 Rd1+ 45. Kg2 gxf4 46. Kf3 e5 47. h5+ Kg5 48. Qf7 Rd3+ 49. Ke2 Re3+ 50. Kf2 Kf5 51. h6 1-0

[Event "ESP-chT fin"]
[Site "Sanxenxo"]
[Date "2003.11.18"]
[Round "2"]
[White "Rodriguez Guerrero, Enrique"]
[Black "Simonet Pons, Marc"]
[Result "1/2-1/2"]
[WhiteElo "2485"]
[BlackElo "2334"]
[PlyCount "31"]
[EventDate "2003.11.17"]
[EventType "team"]
[EventRounds "6"]
[EventCountry "ESP"]
[SourceTitle "CBM 097 Extra"]
[Source "ChessBase"]
[SourceDate "2004.01.13"]
[SourceVersion "1"]
[SourceVersionDate "2004.01.13"]
[SourceQuality "1"]

1. e4 c5 2. Nf3 Nc6 3. Nc3 Nf6 4. Bb5 Qc7 5. 0-0 Nd4 6. Re1 a6 7. Bc4 e6 8. e5 d5 9. exf6 dxc4 10. Ne4 Bd7 11. d3 0-0-0 12. Nxd4 cxd4 13. Qf3 Rg8 14. Bf4 Qa5 15. Bg3 Qf5 16. Qxf5 1/2-1/2

[Event "Andorra op 21st"]
[Site "Andorra"]
[Date "2003.07.12"]
[Round "8"]
[White "Wubben, Marcel"]
[Black "Simonet Pons, Marc"]
[Result "1-0"]
[WhiteElo "2200"]
[BlackElo "2345"]
[PlyCount "59"]
[EventDate "2003.07.05"]
[EventType "swiss"]
[EventRounds "9"]
[EventCountry "AND"]
[SourceTitle "CBM 095 Extra"]
[Source "ChessBase"]
[SourceDate "2003.09.04"]
[SourceVersion "1"]
[SourceVersionDate "2003.09.04"]
[SourceQuality "1"]

1. d4 d5 2. c4 dxc4 3. Nf3 c5 4. e3 Bg4 5. Bxc4 e6 6. Qa4+ Nd7 7. Ne5 Ngf6 8. Bb5 Bf5 9. e4 Bxe4 10. Nc3 Bc6 11. Nxc6 bxc6 12. Bxc6 Rc8 13. Be3 Qb6 14. Bxd7+ Nxd7 15. dxc5 Qxb2 16. 0-0 Qxc3 17. Rad1 Rc7 18. Rxd7 Rxd7 19. Rd1 Bd6 20. cxd6 Kd8 21. Rc1 Qxc1+ 22. Bxc1 Rxd6 23. g3 Rd7 24. Be3 Re8 25. Bxa7 e5 26. Bc5 Kc7 27. Qc4 Re6 28. a4 Rc6 29. a5 Kc8 30. Qb5 1-0